Greatest MLB Lineups Possible - Statistics

General Stats
  • This quiz has been taken 1,394 times
    752 since last reset
  • The average score is 126 of 270
Answer Stats
Teams Pos Players % Correct
Arizona Diamondbacks | Seattle Mariners SP Randy Johnson
93%
C Charles Johnson
90%
CF Howard Johnson
90%
Washington Nationals/Expos/Senators SP Walter Johnson
90%
3B | SS Alex Rodriguez
80%
RF Babe Ruth
80%
SS Derek Jeter
80%
C Ivan Rodriguez
78%
3B Edgar Martinez
77%
Boston Red Sox SP Pedro Martinez
75%
LF Ted Williams
75%
LF Billy Williams
74%
3B Brooks Robinson
74%
SS Chipper Jones
74%
LF | RF Frank Robinson
74%
2B Jackie Robinson
74%
1B Lou Gehrig
74%
3B Matt Williams
74%
CF Mickey Mantle
74%
Houston Astros | Los Angeles Angels | Texas Rangers SP Nolan Ryan
74%
CF Adam Jones
73%
CF Andruw Jones
73%
CF Ken Griffey Jr.
73%
San Diego Padres SP Randy Jones
73%
C Yogi Berra
72%
1B David Ortiz
71%
RF Hank Aaron
71%
CF Mike Trout
71%
SS Cal Ripken Jr.
70%
1B Frank Thomas
70%
1B Adrian Gonzalez
69%
LF Barry Bonds
69%
C Johnny Bench
69%
RF Juan Gonzalez
68%
LF Luis Gonzalez
68%
1B | C Mike Piazza
68%
RF Joe Jackson
67%
3B Mike Schmidt
67%
RF Reggie Jackson
67%
Los Angeles Dodgers SP Sandy Koufax
67%
CF Shoeless Joe Jackson
67%
Cincinnati Reds | New York Mets SP Tom Seaver
67%
SS Ernie Banks
66%
LF Joe DiMaggio
66%
SS Ozzie Smith
66%
CF Roberto Clemente
66%
SS Robin Yount
66%
CF Willie Mays
66%
2B Craig Biggio
65%
LF Dave Henderson
65%
3B George Brett
65%
SS Hanley Ramirez
65%
1B Jeff Bagwell
65%
3B Jose Ramirez
65%
CF Manny Ramirez
65%
CF Rickey Henderson
65%
1B Todd Helton
65%
St. Louis Cardinals SP Bob Gibson
64%
RF Kirk Gibson
64%
RF Tony Gwynn
64%
1B | 3B Miguel Cabrera
63%
RF Bryce Harper
62%
RF Larry Walker
62%
1B Mark Mcgwire
62%
1B Mark McGwire
62%
LF Pete Rose
62%
C Salvador Perez
62%
3B Tony Perez
62%
3B Albert Pujols
61%
C Gary Carter
61%
CF Joe Carter
61%
C Joe Mauer
61%
1B Paul Goldschmidt
61%
RF Vladimir Guerrero
61%
1B Jim Thome
60%
CF Stan Musial
60%
3B Eddie Mathews
59%
3B Evan Longoria
59%
Baltimore Orioles SP Jim Palmer
59%
1B Ryan Howard
59%
C Buster Posey
58%
RF Carl Yastrzemski
58%
SS Michael Young
58%
New York Yankees SP Whitey Ford
58%
1B Willie Stargell
58%
2B Dustin Pedroia
57%
3B Wade Boggs
57%
C Carlton Fisk
56%
3B David Wright
56%
SS Jimmy Rollins
56%
2B Joe Morgan
56%
2B Paul Molitor
56%
Toronto Blue Jays SP Roy Halladay
56%
RF Sammy Sosa
56%
C Toby Hall
56%
CF Ty Cobb
56%
C Yadier Molina
56%
3B Adrian Beltre
55%
LF Ryan Braun
55%
2B Ryne Sandberg
55%
1B Willie McCovey
55%
CF Christian Yelich
54%
1B Freddie Freeman
54%
3B Harmon Killebrew
54%
SS Honus Wagner
54%
RF Darryl Strawberry
53%
RF Ichiro Suzuki
53%
SS Jose Altuve
53%
1B Keith Hernandez
53%
3B Nolan Arenado
53%
Philadelphia Phillies SP Steve Carlton
52%
SS Barry Larkin
51%
LF George Bell
51%
RF Giancarlo Stanton
51%
2B Jay Bell
51%
Atlanta Braves SP Warren Spahn
51%
RF Al Kaline
50%
1B Joey Votto
50%
LF Kirby Puckett
50%
2B Rod Carew
50%
1B Alvin Davis
49%
1B Eddie Murray
49%
SS George Davis
49%
2B Roberto Alomar
49%
C Sandy Alomar Jr.
49%
Cleveland Indians SP Bob Feller
48%
Oakland Athletics SP Catfish Hunter
48%
2B Chase Utley
48%
SS Pee Wee Reese
48%
RF Torii Hunter
48%
SS Troy Tulowitzki
48%
CF Andre Dawson
47%
SS Nomar Garciaparra
46%
C Roy Campanella
46%
San Francisco Giants SP Christy Mathewson
45%
LF Dale Murphy
45%
C Dan Wilson
45%
CF Duke Snider
45%
CF Hack Wilson
45%
2B Roger Hornsby
45%
LF Willie Wilson
45%
LF Carl Crawford
44%
LF | RF Carlos Beltran
44%
Chicago Cubs SP Fregie Jenkins
44%
C Jimmie Foxx
44%
CF Josh Hamilton
44%
3B Ryan Zimmerman
44%
LF Sam Crawford
44%
3B Ron Santo
43%
SS Alan Trammell
42%
Tampa Bay Rays SP David Price
42%
1B Rafael Palmeiro
42%
LF Tim Salmon
42%
RF Jose Cruz
41%
LF Nelson Cruz
41%
1B Carlos Delgado
40%
1B Hank Greenberg
40%
2B Jeff Kent
40%
LF Lance Berkman
40%
RF Mel Ott
40%
Kansas City Royals SP Bret Saberhagen
39%
CF Dante Bichette
39%
SS Fernando Tatis Jr.
39%
RF Jose Bautista
39%
Miami/Florida Marlins SP Jose Fernandez
39%
SS Tony Fernandez
39%
Minnesota Twins SP Bert Blyleven
38%
CF Dave Winfield
38%
LF Lou Brock
38%
2B Frank White
37%
SS Jose Reyes
37%
1B Justin Morneau
37%
RF Ralph Kiner
37%
LF Tim Raines
37%
3B Josh Donaldson
36%
1B Fred McGriff
35%
C Joe Torre
35%
2B Napoleon Lajoie
35%
C Ted Simmons
35%
CF Tris Speaker
35%
CF Gary Sheffield
34%
SS Trea Turner
34%
1B Troy Glaus
34%
LF Jay Buhner
33%
LF Dave Parker
32%
RF Justin Upton
32%
CF Melvin Upton
32%
2B Bill Mazeroski
31%
1B Andres Galarraga
30%
1B Cecil Cooper
30%
3B Ken Caminiti
30%
1B Cap Anson
29%
RF Harold Baines
29%
SS Luke Appling
29%
Detroit Tigers SP Hal Newhouser
28%
CF Steve Finley
28%
2B Eddie Collins
27%
C Ernie Whitt
27%
CF Richie Ashburn
27%
2B Ian Kinsler
26%
2B Ben Zobrist
25%
C Bob Boone
25%
2B Charlie Gehringer
25%
2B Harold Reynolds
25%
2B Willie Randolph
25%
C Jason Kendall
24%
LF Minnie Minoso
24%
Colorado Rockies SP Ubaldo Jimenez
24%
C Benito Santiago
23%
C Miguel Montero
23%
3B Robin Ventura
23%
CF Tony Oliva
23%
C Mickey Cochrane
21%
RF Nick Markakis
20%
LF Larry Doby
19%
3B Mike Lowell
19%
SS Stephen Drew
19%
CF Amos Ottis
18%
RF Enos Slaughter
18%
3B Pie Traynor
18%
SS Lou Boudreau
17%
2B DJ LeMahieu
16%
2B Mark Lemke
15%
LF Zack Wheat
15%
LF Cliff Floyd
14%
Chicago White Sox SP Ed Walsh
14%
3B Sal Bando
14%
SS Bert Campaneris
13%
2B Edgardo Alfonzo
13%
2B Jose Vidro
13%
LF Matt Holiday
13%
3B Maury Wills
13%
Pittsburgh Pirates SP Babe Adams
12%
C Brad Ausmus
12%
SS Julio Lugo
12%
C Charles Hartnett
11%
1B Mike Sweeney
11%
LF Phil Nevin
11%
2B Luis Castillo
10%
C Mike Lieberthal
10%
CF Cesar Cedeno
9%
C Chris Iannetta
9%
SS Greg Gagne
9%
3B Jeff Cirillo
9%
Milwaukee Brewers SP Teddy Higuera
9%
C Chris Holies
8%
SS Jim Fregoi
8%
LF Greg Luzinski
7%
SS Freddie Patek
5%
2B Mark Loretta
5%
RF Matt Joyce
4%
3B Doug DeClinces
2%
RF Sixto Lezcano
1%
No matching quizzes found
Score Distribution
Percent of People with Each Score
Percentile by Number Answered
Your Score History
You have not taken this quiz since the last reset